00579nam a2200181 i 4500001000700000003000900007005001700016008004100033040002000074100002100094245004900115250001300164260009400177300002000271600004500291651003700336852002400373157009ES-MaACL20250808053335.0990723m18691875fr |||| |bfre d aCAM bspa cCAM1 aLanfrey, Pierre.10aHistoire de Napoleón I / cpar P. Lanfrey. a5e éd. aParis : bCharpentier libraire-éditeur, c1869-1875 (fImp. générale de Ch. Lahure) a5 v. ; c18 cm.04aNapoleón bI c, Emperador de Francia. 7aFrancia-xHistoria-y1789-18152 aES-MaACLjD-4637-41